banner koha

Rotulagem nutricional: você sabe o que está comendo? (Registro n. 229074)

MARC details
000 -LÍDER
campo de controle de tamanho fixo 00977nas a2200301 4500
001 - NÚMERO DE CONTROLE
campo de controle BR2013004470
003 - IDENTIFICADOR DO NÚMERO DE CONTROLE
campo de controle BR-BrBNA
005 - DATA E HORÁRIO DA ÚLTIMA TRANSAÇÃO
campo de controle 20231205122521.0
007 - CAMPO FIXO DE DESCRIÇÃO FÍSICA--INFORMAÇÃO GERAL
campo de controle de tamanho fixo ta
008 - CAMPO DE DADOS FIXOS--INFORMAÇÃO GERAL
campo de controle de tamanho fixo 230509b bl.|||p| |||| 00| 00por d
040 ## - FONTE DA CATALOGAÇÃO
Instituição da catalogação original BR-BrBNA
Idioma da catalogação por
Instituição que transcreveu o registro Biblioteca Nacional de Agricultura
041 ## - CÓDIGO DE IDIOMA
Código do idioma do texto/trilha sonora ou título diferente (Pt)
072 ## - CÓDIGO DE CATEGORIA DE ASSUNTO
Código de Categoria de Assunto E70; E73
100 1# - ENTRADA PRINCIPAL--NOME PESSOAL
Nome pessoal Cavada, G. da S.
100 1# - ENTRADA PRINCIPAL--NOME PESSOAL
Nome pessoal Paiva, F.F.
100 1# - ENTRADA PRINCIPAL--NOME PESSOAL
Nome pessoal Helbig, E.
100 1# - ENTRADA PRINCIPAL--NOME PESSOAL
Nome pessoal Borges, L.R.
111 1# - ENTRADA PRINCIPAL--NOME DO EVENTO
Nome do evento ou lugar 4º Simpósio de Segurança Alimentar
Local do evento Gramado, RS (Brazil)
Data do evento ou assinatura do tratado 29-31 May 2012
245 1# - TÍTULO
Título Rotulagem nutricional: você sabe o que está comendo?
650 ## - ASSUNTO--TERMO TÓPICO
Cabeçalho tópico ou nome geográfico CONSUMO
650 ## - ASSUNTO--TERMO TÓPICO
Cabeçalho tópico ou nome geográfico CONSUMIDOR
650 ## - ASSUNTO--TERMO TÓPICO
Cabeçalho tópico ou nome geográfico NUTRIÇÃO HUMANA
650 ## - ASSUNTO--TERMO TÓPICO
Cabeçalho tópico ou nome geográfico CONTROLE DE QUALIDADE
773 0# - ENTRADA ANALÍTICA
Título Brazilian Journal of Food Technology (Brazil)
ISSN - International Standard Serial Number ISSN 1519-0900
Partes relacionadas (Dec 2012), p. 84-88
Número de controle do registro BR2013004470
856 40 - LOCALIZAÇÃO ELETRÔNICA E ACESSO
Uniform Resource Identifier <a href="http://www.scielo.br/pdf/bjft/v15nspe/aop_bjft_15e0115.pdf">http://www.scielo.br/pdf/bjft/v15nspe/aop_bjft_15e0115.pdf</a>
909 ## -
-- 202311
-- Lúcia
-- 55
-- Lúcia Elande
942 ## - ELEMENTOS DE ENTRADA ADICIONADOS (KOHA)
Fonte da classificação ou esquema de arquivamento na estante Classificação AGRIS
Ocultar no OPAC Não
Tipo de material Koha Analítica
Exemplares
Situação do descarte Fonte da classificação ou esquema de arquivamento na estante Situação física Não pode ser emprestado Biblioteca de origem Biblioteca atual Localização na estante Enumeração do periódico / cronologia Total de empréstimos Data de último acesso Número do exemplar Tipo de material Koha Fonte de aquisição
  Classificação AGRIS   Consulta local Biblioteca Nacional de Agricultura - Binagri Biblioteca Nacional de Agricultura - Binagri   (Dec 2012), p. 84-88   29/11/2023 01 Periódicos Portaria Interministerial nº 164/94

BINAGRI

Telefone: (61)3218-2567/2388/3357/2097 - binagri@agro.gov.br

Ministério da Agricultura e Pecuária , Esplanada dos Ministérios, Bloco D, Anexo B, Brasília/DF, CEP: 70.043-900